书目信息 |
| 题名: |
汽车节油常识
|
|
| 作者: | 苗志明 编 | |
| 分册: | ||
| 出版信息: | 北京 人民交通出版社 1982 |
|
| 页数: | 229页 | |
| 开本: | 19cm | |
| 丛书名: | ||
| 单 册: | ||
| 中图分类: | U471.2 | |
| 科图分类: | ||
| 主题词: | 汽车-节能--技术 , 节能-汽车--技术 | |
| 电子资源: | ||
| ISBN: | ||
| 000 | 00628nam0 2200241 45 | |
| 001 | 0182004118 | |
| 005 | 20060815151146.07 | |
| 010 | @dCNY0.83 | |
| 091 | @aCN@b15044.4639 | |
| 100 | @a19950523d1982 em y0chiy0121 ea | |
| 101 | 0 | @achi |
| 102 | @aCN@b110000 | |
| 105 | @ay z 000yy | |
| 200 | 10 | @a汽车节油常识@Aqi che jie you chang shi@f苗志明编 |
| 210 | @a北京@c人民交通出版社@d1982 | |
| 215 | @a229页@d19cm | |
| 606 | @a汽车-节能@x技术 | |
| 606 | @a节能-汽车@x技术 | |
| 690 | @aU471.2@v3 | |
| 701 | 0 | @a苗志明@Amiao zhi ming@4编 |
| 801 | 0 | @aCN@bTSSF@c20060815 |
| 801 | 2 | @aCN@bNLC@c20060726 |
| 905 | @dU471.2@e15 | |
| 汽车节油常识/苗志明编.-北京:人民交通出版社,1982 |
| 229页;19cm |
| ISBN :CNY0.83 |
| ● |
| 相关链接 |
|
|
|
|
正题名:汽车节油常识
索取号:U471.2/15
 
预约/预借
| 序号 | 登录号 | 条形码 | 馆藏地/架位号 | 状态 | 备注 |
| 1 | 0438514 | 204385147 | 密集书库/ [索取号:U471.2/15] | 在馆 | |
| 2 | 0458548 | 204585485 | 密集书库/ [索取号:U471.2/15] | 在馆 |